[Event "SLO-chT U20 Girls"]
[Site "Otocec"]
[Date "2015.08.27"]
[Round "2"]
[White "Pavlic, Petra"]
[Black "Kuhar, Larisa"]
[Result "1-0"]
[WhiteElo "1748"]
[BlackElo "1410"]
[PlyCount "61"]
[EventDate "2015.08.26"]
[EventType "team-tourn"]
[EventRounds "5"]
[EventCountry "SLO"]
[SourceTitle "EXT 2019"]
[Source "ChessBase"]
[SourceDate "2018.10.10"]
[SourceVersion "1"]
[SourceVersionDate "2018.10.10"]
[SourceQuality "1"]

1. d4 d5 2. c4 e6 3. Nc3 Nf6 4. Bg5 Be7 5. Nf3 0-0 6. e3 a6 7. a4 h6 8. Bh4 Nbd7 9. c5 c6 10. Bd3 Re8 11. b4 Nf8 12. Qc2 Qc7 13. Ne5 Bd8 14. 0-0 g6 15. b5 Be7 16. Bg3 Qd8 17. bxc6 bxc6 18. Nxc6 Qd7 19. Nxe7+ Qxe7 20. a5 N8d7 21. Na4 Kg7 22. Rfc1 Nf8 23. Nb6 Ra7 24. c6 Kh7 25. Bb8 Rc7 26. Bxc7 Qxc7 27. h3 Qa7 28. Qe2 Kg7 29. Nxc8 Rxc8 30. Bxa6 Rc7 31. Rab1 1-0

[Event "SLO-ch U18 Girls"]
[Site "Bled"]
[Date "2015.02.25"]
[Round "4"]
[White "Kroselj, Lucija"]
[Black "Pavlic, Petra"]
[Result "0-1"]
[WhiteElo "1564"]
[BlackElo "1766"]
[PlyCount "64"]
[EventDate "2015.02.21"]
[EventType "tourn"]
[EventRounds "7"]
[EventCountry "SLO"]
[SourceTitle "EXT 2023"]
[Source "ChessBase"]
[SourceDate "2022.10.05"]
[SourceVersion "1"]
[SourceVersionDate "2022.10.05"]
[SourceQuality "1"]

1. e4 c5 2. Nf3 Nc6 3. d4 cxd4 4. Nxd4 Nf6 5. Nc3 e5 6. Nb3 Bb4 7. Bd3 d5 8. exd5 Nxd5 9. Bd2 Nxc3 10. bxc3 Bd6 11. 0-0 0-0 12. Re1 Kh8 13. Qc1 Qc7 14. c4 b6 15. a3 f5 16. f3 e4 17. fxe4 Bxh2+ 18. Kh1 Bg3 19. Rf1 f4 20. Be1 Bxe1 21. Qxe1 Qe5 22. Nd2 Qh5+ 23. Kg1 Ne5 24. Be2 Qg6 25. Qh4 Bg4 26. Qf2 f3 27. Bd1 Qg5 28. Rb1 Rad8 29. Nb3 Nxc4 30. g3 Nd2 31. Nxd2 Rxd2 32. Qe1 Rg2+ 0-1

[Event "SLO-ch U18 Girls"]
[Site "Bled"]
[Date "2015.02.23"]
[Round "1"]
[White "Pavlic, Petra"]
[Black "Vidic, Teja"]
[Result "0-1"]
[WhiteElo "1766"]
[BlackElo "2087"]
[PlyCount "84"]
[EventDate "2015.02.21"]
[EventType "tourn"]
[EventRounds "7"]
[EventCountry "SLO"]
[SourceTitle "EXT 2023"]
[Source "ChessBase"]
[SourceDate "2022.10.05"]
[SourceVersion "1"]
[SourceVersionDate "2022.10.05"]
[SourceQuality "1"]

1. d4 Nf6 2. c4 g6 3. g3 Bg7 4. Bg2 0-0 5. Nc3 c6 6. e3 d5 7. b3 dxc4 8. bxc4 Qa5 9. Bd2 Qa6 10. Qb3 Nbd7 11. c5 e5 12. Bf1 Qa5 13. Nb5 Qd8 14. Nd6 exd4 15. exd4 Nd5 16. Qc4 N7b6 17. Qd3 Qe7+ 18. Be2 Bg4 19. f3 Be6 20. Rb1 Rab8 21. h4 Nc8 22. Ne4 Re8 23. h5 Bf5 24. hxg6 hxg6 25. Rh4 b6 26. Bg5 Qxg5 27. Kf2 Qe7 28. Nh3 Bxh3 29. Rxh3 f5 30. Nd2 Bxd4+ 31. Qxd4 Qxe2+ 32. Kg1 Qe3+ 33. Qxe3 Rxe3 34. Kf2 Ra3 35. Rbh1 Nf6 36. Rh8+ Kg7 37. Rd8 bxc5 38. Rc1 Rb2 39. Rxc5 Raxa2 40. Ke1 Nd5 41. Rxc6 Nce7 42. Re6 Rxd2 0-1

[Event "SLO-chT U20 Girls"]
[Site "Bled"]
[Date "2014.08.26"]
[Round "4.3"]
[White "Petauer, Eva"]
[Black "Pavlic, Petra"]
[Result "0-1"]
[WhiteElo "1643"]
[BlackElo "1733"]
[PlyCount "62"]
[EventDate "2014.08.23"]
[EventType "team-swiss"]
[EventRounds "5"]
[EventCountry "SLO"]
[SourceTitle "EXT 2022"]
[Source "ChessBase"]
[SourceDate "2021.10.06"]
[SourceVersion "1"]
[SourceVersionDate "2021.10.06"]
[SourceQuality "1"]
[WhiteTeam "Celjski U20 Girls"]
[BlackTeam "Milan Majcen Sevnica U20 Girls"]
[WhiteTeamCountry "SLO"]
[BlackTeamCountry "SLO"]

1. e4 c5 2. Nf3 Nc6 3. Bb5 g6 4. 0-0 Bg7 5. Re1 e6 6. Nc3 Nge7 7. d3 0-0 8. Bf4 d6 9. Qd2 f5 10. exf5 Nxf5 11. Bc4 Nfd4 12. Nxd4 Nxd4 13. Be3 d5 14. Bg5 Qc7 15. Nxd5 exd5 16. Bxd5+ Kh8 17. Re7 Qd6 18. Bxb7 Bxb7 19. Rxb7 Rae8 20. Be3 Be5 21. h3 a6 22. Bxd4 Qxd4 23. c3 Qd5 24. Ra7 Bf4 25. Qc2 Qe6 26. g3 Bb8 27. Rb7 Qxh3 28. d4 c4 29. Rd1 Qg4 30. d5 Re2 31. Rd2 Re1+ 0-1

[Event "SLO-ch U20 Girls"]
[Site "Smarjeske Toplice"]
[Date "2014.06.27"]
[Round "5"]
[White "Hercog, Nusa"]
[Black "Pavlic, Petra"]
[Result "0-1"]
[WhiteElo "1627"]
[BlackElo "1709"]
[PlyCount "122"]
[EventDate "2014.06.24"]
[EventType "swiss"]
[EventRounds "9"]
[EventCountry "SLO"]
[SourceTitle "EXT 2019"]
[Source "ChessBase"]
[SourceDate "2018.10.10"]
[SourceVersion "1"]
[SourceVersionDate "2018.10.10"]
[SourceQuality "1"]

1. d4 d5 2. c4 e6 3. Nc3 Bb4 4. e3 Nf6 5. Qa4+ Nc6 6. Bd2 Bd7 7. Qb3 Qe7 8. a3 dxc4 9. Qxc4 Ba5 10. Nf3 0-0 11. Be2 Rfd8 12. 0-0 a6 13. b4 Bb6 14. Rfd1 Be8 15. Be1 Nd5 16. Qb3 f6 17. Bc4 Bf7 18. Nxd5 exd5 19. Bd3 Qd6 20. Rac1 Ne7 21. a4 c6 22. Rb1 Bc7 23. Qc2 h6 24. b5 cxb5 25. axb5 a5 26. Qc5 b6 27. Qxd6 Bxd6 28. Rdc1 Rdc8 29. g4 Rxc1 30. Rxc1 Rc8 31. Ra1 Rc7 32. Bd2 Nc8 33. Nh4 Bf8 34. f4 Nd6 35. Nf3 Nc4 36. Bc1 Be8 37. g5 hxg5 38. fxg5 Bxb5 39. Rb1 Bb4 40. Bf5 Bd7 41. Bg6 Bg4 42. Nh4 fxg5 43. Ng2 Re7 44. Kf2 Re6 45. Bd3 Rf6+ 46. Kg1 g6 47. e4 Nd2 48. Bxd2 Bxd2 49. exd5 Bf5 50. Bxf5 gxf5 51. Kf2 f4 52. Kf3 Kf7 53. Rd1 Bb4 54. Rb1 Bc3 55. Rd1 b5 56. Ne1 b4 57. Nd3 a4 58. Nc5 a3 59. Nb3 Ke7 60. Rc1 Kd6 61. Rd1 Kxd5 0-1

[Event "SLO-ch U20 Girls"]
[Site "Smarjeske Toplice"]
[Date "2014.06.25"]
[Round "2"]
[White "Hrescak, Ivana"]
[Black "Pavlic, Petra"]
[Result "1-0"]
[WhiteElo "1946"]
[BlackElo "1709"]
[PlyCount "55"]
[EventDate "2014.06.24"]
[EventType "swiss"]
[EventRounds "9"]
[EventCountry "SLO"]
[SourceTitle "EXT 2019"]
[Source "ChessBase"]
[SourceDate "2018.10.10"]
[SourceVersion "1"]
[SourceVersionDate "2018.10.10"]
[SourceQuality "1"]

1. d4 d5 2. c4 e6 3. Nc3 Bb4 4. e3 Nf6 5. Nge2 0-0 6. a3 Bxc3+ 7. Nxc3 dxc4 8. Bxc4 b6 9. 0-0 Bb7 10. Qe2 Nbd7 11. Rd1 a6 12. e4 b5 13. Bb3 h6 14. Rd3 Qe7 15. Rg3 Kh8 16. e5 Ne8 17. Bxh6 gxh6 18. Qh5 f5 19. Rg6 Ndf6 20. exf6 Nxf6 21. Qxh6+ Nh7 22. Rxe6 Qd7 23. Rae1 Rf7 24. Qh5 Rg8 25. g3 c5 26. dxc5 Bc6 27. Rd6 Re8 28. Rf1 1-0

[Event "SLO-chT U20 Girls"]
[Site "Verzej"]
[Date "2013.08.31"]
[Round "4"]
[White "Pavlic, Petra"]
[Black "Markocic, Spela"]
[Result "1/2-1/2"]
[WhiteElo "1674"]
[BlackElo "1549"]
[PlyCount "90"]
[EventDate "2013.08.29"]
[EventType "team-tourn"]
[EventRounds "5"]
[EventCountry "SLO"]
[SourceTitle "EXT 2015"]
[Source "ChessBase"]
[SourceDate "2014.11.20"]
[SourceVersion "1"]
[SourceVersionDate "2014.11.20"]
[SourceQuality "1"]

1. d4 Nf6 2. c4 g6 3. g3 Bg7 4. Bg2 0-0 5. Nc3 d6 6. e3 c5 7. Nge2 Na6 8. 0-0 Rb8 9. d5 Nc7 10. e4 Bg4 11. h3 Bxe2 12. Qxe2 e6 13. f4 exd5 14. exd5 Re8 15. Qd3 a6 16. a4 Qd7 17. Bd2 b6 18. f5 Nh5 19. g4 Nf6 20. fxg6 fxg6 21. Bf4 b5 22. b3 bxc4 23. bxc4 Rb3 24. Rfb1 Reb8 25. Rxb3 Rxb3 26. Qc2 Rb4 27. Rb1 Rxc4 28. Qd2 Nfe8 29. Rc1 Rd4 30. Qf2 Rd3 31. Ne2 Qxa4 32. Rf1 Rd1 33. Rxd1 Qxd1+ 34. Kh2 a5 35. Qe3 a4 36. Bf3 Qb3 37. Qf2 a3 38. Bg2 Qa4 39. Nc1 Qb4 40. Na2 Qb2 41. Bg3 Qxf2 42. Bxf2 c4 43. Be1 Nb5 44. Bf1 Nd4 45. Kh1 Nf6 1/2-1/2

[Event "SLO-ch U20 Girls"]
[Site "Kope"]
[Date "2013.07.13"]
[Round "1"]
[White "Kolaric, Spela"]
[Black "Pavlic, Petra"]
[Result "0-1"]
[WhiteElo "2049"]
[BlackElo "1668"]
[PlyCount "58"]
[EventDate "2013.07.13"]
[EventType "swiss"]
[EventRounds "7"]
[EventCountry "SLO"]
[SourceTitle "EXT 2024"]
[Source "ChessBase"]
[SourceDate "2023.10.10"]
[SourceVersion "1"]
[SourceVersionDate "2023.10.10"]
[SourceQuality "1"]

1. d4 f5 2. Nf3 Nf6 3. g3 d6 4. Bg2 g6 5. 0-0 Bg7 6. c4 0-0 7. Nc3 Re8 8. Rb1 Nbd7 9. Ng5 e5 10. dxe5 Nxe5 11. Qb3 c6 12. Rd1 h6 13. Rxd6 Qxd6 14. c5+ Be6 15. Nxe6 Qxe6 16. Qxb7 Red8 17. Bf4 Nfd7 18. Rd1 Nxc5 19. Rxd8+ Rxd8 20. Qxa7 Ne4 21. Qb6 Rd7 22. Bxe4 fxe4 23. Kg2 Nc4 24. Qb4 Rf7 25. a4 g5 26. Bc1 Qf5 27. Nd1 Qd5 28. Ne3 Nxe3+ 29. Bxe3 Rd7 0-1

[Event "SLO-ch U16 Girls"]
[Site "Murska Sobota"]
[Date "2013.02.27"]
[Round "7"]
[White "Petauer, Eva"]
[Black "Pavlic, Petra"]
[Result "1-0"]
[WhiteElo "1568"]
[BlackElo "1660"]
[PlyCount "59"]
[EventDate "2013.02.23"]
[EventType "tourn"]
[EventRounds "9"]
[EventCountry "SLO"]
[SourceTitle "EXT 2022"]
[Source "ChessBase"]
[SourceDate "2021.10.06"]
[SourceVersion "1"]
[SourceVersionDate "2021.10.06"]
[SourceQuality "1"]

1. e4 c5 2. Nf3 Nc6 3. Bb5 e6 4. b3 Nge7 5. Bb2 a6 6. Bxc6 Nxc6 7. 0-0 b5 8. d3 Bb7 9. Nbd2 d6 10. h3 e5 11. Nh2 Be7 12. f4 0-0 13. fxe5 Nxe5 14. Ng4 Ng6 15. Ne3 d5 16. exd5 Bg5 17. Nf5 Qxd5 18. Ne4 Ne7 19. Qg4 Nxf5 20. Rxf5 Qe6 21. Rxg5 Qxg4 22. Rxg4 Rfd8 23. Bxg7 f5 24. Rg3 Kf7 25. Nxc5 Bd5 26. Be5 a5 27. Rg7+ Kf8 28. Rf1 Rac8 29. Rxf5+ Ke8 30. Bc7 1-0

[Event "SLO-ch U16 Girls"]
[Site "Murska Sobota"]
[Date "2013.02.26"]
[Round "6"]
[White "Pavlic, Petra"]
[Black "Janzelj, Lara"]
[Result "1-0"]
[WhiteElo "1660"]
[BlackElo "1763"]
[PlyCount "55"]
[EventDate "2013.02.23"]
[EventType "tourn"]
[EventRounds "9"]
[EventCountry "SLO"]
[SourceTitle "EXT 2022"]
[Source "ChessBase"]
[SourceDate "2021.10.06"]
[SourceVersion "1"]
[SourceVersionDate "2021.10.06"]
[SourceQuality "1"]

1. d4 Nf6 2. c4 d6 3. Nc3 c6 4. Nf3 Nbd7 5. e4 e5 6. h3 a6 7. a4 a5 8. Be3 Be7 9. g3 0-0 10. Bg2 Re8 11. 0-0 Qc7 12. Ne1 Nf8 13. d5 Ng6 14. Nd3 Bd7 15. f4 exf4 16. gxf4 Bf8 17. Bd4 c5 18. Bf2 Qc8 19. Kh2 h6 20. Bg3 Nh7 21. Qf3 Ne7 22. Nd1 g6 23. h4 Bg4 24. Qf2 Bg7 25. Qd2 h5 26. Ne3 Bd4 27. Nxg4 Qxg4 28. Bh3 1-0

[Event "Wch U14 Girls"]
[Site "Maribor"]
[Date "2012.11.08"]
[Round "1.29"]
[White "Pavlic, Petra"]
[Black "Diakonova, Ekaterina"]
[Result "0-1"]
[WhiteElo "1595"]
[BlackElo "1915"]
[PlyCount "88"]
[EventDate "2012.11.08"]
[EventType "swiss"]
[EventRounds "11"]
[EventCountry "SLO"]
[SourceTitle "EXT 2013"]
[Source "ChessBase"]
[SourceDate "2012.11.22"]
[SourceVersion "1"]
[SourceVersionDate "2012.11.22"]
[SourceQuality "1"]

1. d4 c5 2. e3 e6 3. Nf3 Nf6 4. Bd3 d6 5. 0-0 Be7 6. b3 0-0 7. Bb2 Nbd7 8. Nbd2 b6 9. Qe2 a6 10. e4 cxd4 11. Nxd4 Bb7 12. c4 Qc7 13. Rac1 Rac8 14. Rfd1 Qb8 15. f4 Rfe8 16. Re1 e5 17. fxe5 dxe5 18. Nf5 Bc5+ 19. Kh1 Nf8 20. Ne3 Ne6 21. Nd5 Bxd5 22. exd5 Nf4 23. Qf3 Bb4 24. Bc3 Nxd3 25. Qxd3 Bxc3 26. Rxc3 e4 27. Qe2 Nxd5 28. Rg3 Nf6 29. Re3 Qf4 30. Nxe4 Ng4 31. Rg3 Rxe4 32. Qf1 Qxf1+ 33. Rxf1 Ne5 34. h3 Kf8 35. Rd1 f6 36. Rd6 Rc6 37. Rd5 g5 38. Rd8+ Kf7 39. Ra8 a5 40. Ra7+ Kg6 41. Re7 Re1+ 42. Kh2 Nf3+ 43. gxf3 Rxe7 44. h4 h6 0-1

[Event "SLO-chT U20"]
[Site "Koper"]
[Date "2012.09.01"]
[Round "7"]
[White "Pavlic, Petra"]
[Black "Bratkovic, Jakob"]
[Result "1-0"]
[WhiteElo "1548"]
[BlackElo "1922"]
[PlyCount "51"]
[EventDate "2012.08.28"]
[EventType "team-tourn"]
[EventRounds "7"]
[EventCountry "SLO"]
[SourceTitle "EXT 2022"]
[Source "ChessBase"]
[SourceDate "2021.10.06"]
[SourceVersion "1"]
[SourceVersionDate "2021.10.06"]
[SourceQuality "1"]

1. d4 Nf6 2. c4 e6 3. Nc3 Bb4 4. a3 Bxc3+ 5. bxc3 b6 6. f3 d5 7. Bg5 Bb7 8. e3 Nbd7 9. Bd3 h6 10. Bh4 0-0 11. Ne2 Re8 12. e4 dxc4 13. Bxc4 e5 14. Qb3 Rf8 15. Rd1 Qe8 16. 0-0 Nh7 17. Rd2 Kh8 18. Rfd1 f6 19. Be6 exd4 20. cxd4 Ng5 21. Bc4 Nf7 22. Bg3 Nd6 23. Be6 Bc8 24. Bd5 Rb8 25. Nf4 Qe7 26. Ng6+ 1-0

[Event "SLO-ch U20 Girls"]
[Site "Kamnik"]
[Date "2012.06.26"]
[Round "6"]
[White "Nemec, Hana"]
[Black "Pavlic, Petra"]
[Result "1/2-1/2"]
[WhiteElo "1697"]
[BlackElo "1558"]
[PlyCount "47"]
[EventDate "2012.06.23"]
[EventType "swiss"]
[EventRounds "7"]
[EventCountry "SLO"]
[SourceTitle "EXT 2019"]
[Source "ChessBase"]
[SourceDate "2018.10.10"]
[SourceVersion "1"]
[SourceVersionDate "2018.10.10"]
[SourceQuality "1"]

1. d4 g6 2. c4 Bg7 3. Nc3 d6 4. e4 Nc6 5. Be3 e5 6. Nf3 Bg4 7. d5 Nce7 8. Be2 Bxf3 9. Bxf3 f5 10. 0-0 Nf6 11. b4 0-0 12. a3 Qd7 13. h3 f4 14. Bc1 g5 15. c5 Ng6 16. Bg4 Nxg4 17. Qxg4 Qe7 18. cxd6 cxd6 19. Bb2 Bf6 20. Rac1 a6 21. Na4 h6 22. Rc2 b5 23. Nb6 Rad8 24. Rc3 1/2-1/2

[Event "SLO-ch U20 Girls"]
[Site "Kamnik"]
[Date "2012.06.26"]
[Round "5"]
[White "Petauer, Eva"]
[Black "Pavlic, Petra"]
[Result "1-0"]
[WhiteElo "1494"]
[BlackElo "1558"]
[PlyCount "101"]
[EventDate "2012.06.23"]
[EventType "swiss"]
[EventRounds "7"]
[EventCountry "SLO"]
[SourceTitle "EXT 2019"]
[Source "ChessBase"]
[SourceDate "2018.10.10"]
[SourceVersion "1"]
[SourceVersionDate "2018.10.10"]
[SourceQuality "1"]

1. c3 c5 2. e4 g6 3. d4 cxd4 4. cxd4 d5 5. e5 Nc6 6. Nf3 Bg4 7. Be2 Bg7 8. 0-0 e6 9. Nc3 Nge7 10. Bg5 Bxf3 11. Bxf3 Qb6 12. Bxe7 Nxe7 13. Qa4+ Nc6 14. Qb5 Qc7 15. Rac1 0-0 16. Rfd1 a6 17. Qb3 b5 18. Ne2 Qd7 19. Qe3 Rfc8 20. a3 Na5 21. b3 Bf8 22. Rxc8 Rxc8 23. b4 Nc4 24. Qb3 Bh6 25. Qa2 Ra8 26. g3 a5 27. bxa5 Rxa5 28. Rd3 b4 29. a4 Rxa4 30. Qc2 Qa7 31. Rb3 Ra2 32. Qd3 Qa4 33. Nf4 Nd2 34. Bd1 Nxb3 35. Bxb3 Ra1+ 36. Kg2 Qa6 37. Qd2 Qa3 38. Qc2 Rc1 39. Qd3 Rc3 40. Qb5 Qxb3 41. Qe8+ Kg7 42. Nxe6+ fxe6 43. Qe7+ Kg8 44. Qe8+ Bf8 45. Qxe6+ Kg7 46. Qf6+ Kg8 47. Qe6+ Kg7 48. Qf6+ Kh6 49. Qxf8+ Kg5 50. Qf4+ Kh5 51. Qh4# 1-0

[Event "SLO-ch U14 Girls"]
[Site "Debeli Rtic"]
[Date "2012.02.19"]
[Round "2"]
[White "Vidic, Teja"]
[Black "Pavlic, Petra"]
[Result "1-0"]
[WhiteElo "1884"]
[BlackElo "1538"]
[PlyCount "99"]
[EventDate "2012.02.18"]
[EventType "swiss"]
[EventRounds "7"]
[EventCountry "SLO"]
[SourceTitle "EXT 2022"]
[Source "ChessBase"]
[SourceDate "2021.10.06"]
[SourceVersion "1"]
[SourceVersionDate "2021.10.06"]
[SourceQuality "1"]

1. e4 Nf6 2. e5 Nd5 3. d4 d6 4. c4 Nb6 5. exd6 exd6 6. Nc3 Be7 7. h3 0-0 8. Nf3 Bf5 9. Be2 Nc6 10. d5 Ne5 11. Nd4 Bg6 12. b3 Bf6 13. 0-0 c5 14. dxc6 bxc6 15. Bb2 c5 16. Ndb5 Be7 17. f4 a6 18. Na3 Qc8 19. fxe5 dxe5 20. Bf3 Rb8 21. Nd5 Nxd5 22. Bxd5 Bf6 23. Qe2 Re8 24. Be4 Rb6 25. Bxg6 hxg6 26. Qe4 Rd6 27. Rad1 Ree6 28. Nc2 Be7 29. Ne3 f5 30. Qc2 e4 31. Rde1 Qb8 32. Nd5 Bd8 33. Qc3 Bf6 34. Nxf6+ gxf6 35. Qe3 Kg7 36. Qf4 Qc8 37. Qg3 Re8 38. Qg5 Qe6 39. Re3 Rg8 40. Rg3 Kf7 41. Qf4 Rd7 42. Rc3 a5 43. Rcc1 Rb7 44. Rcd1 Rd7 45. Qh4 Rg7 46. Rxd7+ Qxd7 47. Qxf6+ Kg8 48. Qxg7+ Qxg7 49. Bxg7 Kxg7 50. Kf2 1-0

[Event "SRB Central-ch op-B 4th"]
[Site "Paracin"]
[Date "2011.07.09"]
[Round "3"]
[White "Pavlic, Petra"]
[Black "Zivanovic, Miroslav"]
[Result "0-1"]
[WhiteElo "1547"]
[BlackElo "2064"]
[PlyCount "84"]
[EventDate "2011.07.08"]
[EventType "swiss"]
[EventRounds "9"]
[EventCountry "SRB"]
[SourceTitle "CBM 143 Extra"]
[Source "ChessBase"]
[SourceDate "2011.08.29"]
[SourceVersion "1"]
[SourceVersionDate "2011.08.29"]
[SourceQuality "1"]

1. d4 Nf6 2. Nf3 c5 3. e3 cxd4 4. exd4 g6 5. Bd3 Bg7 6. b3 0-0 7. Bb2 d6 8. Nbd2 Nc6 9. 0-0 Nb4 10. Be2 Nbd5 11. c4 Nf4 12. Re1 Nxe2+ 13. Qxe2 Re8 14. Rad1 Bf5 15. h3 h5 16. Nh4 Bd7 17. Qd3 a6 18. f4 e6 19. Nhf3 b5 20. Ng5 Bc6 21. Qg3 Nh7 22. Nge4 Rb8 23. Ba1 Nf6 24. Re3 Nxe4 25. Nxe4 Bxe4 26. Rxe4 bxc4 27. bxc4 d5 28. cxd5 Qxd5 29. Re3 Qxa2 30. Qe1 Rec8 31. Re2 Rc2 32. Rxc2 Qxc2 33. Rc1 Qf5 34. Qf1 a5 35. Kh2 Bh6 36. g3 h4 37. Rc5 hxg3+ 38. Kxg3 Rb3+ 39. Bc3 Qe4 40. Rc8+ Kh7 41. Rc7 Qe3+ 42. Qf3 Bxf4+ 0-1

[Event "Nova Gorica op-A 16th"]
[Site "Nova Gorica"]
[Date "2011.02.02"]
[Round "8"]
[White "Pavlic, Petra"]
[Black "Kralj, Samo"]
[Result "0-1"]
[WhiteElo "1528"]
[BlackElo "1892"]
[PlyCount "80"]
[EventDate "2011.01.28"]
[EventType "swiss"]
[EventRounds "9"]
[EventCountry "SLO"]
[SourceTitle "CBM 140 Extra"]
[Source "ChessBase"]
[SourceDate "2011.03.01"]
[SourceVersion "1"]
[SourceVersionDate "2011.03.01"]
[SourceQuality "1"]

1. d4 Nf6 2. Nf3 g6 3. Nbd2 Bg7 4. e4 d6 5. Bc4 0-0 6. b3 Nbd7 7. Bb2 c5 8. 0-0 cxd4 9. Nxd4 a6 10. a4 Qc7 11. Re1 b6 12. N4f3 e5 13. Nf1 Bb7 14. Ba3 Nc5 15. N3d2 Rfd8 16. f3 d5 17. exd5 Nxd5 18. Bxd5 Bxd5 19. Rb1 b5 20. axb5 axb5 21. Bb2 Ne6 22. Ne3 Bb7 23. Ng4 Nd4 24. c3 Nxb3 25. Qxb3 Qc5+ 26. Kh1 Rxd2 27. Ne3 Bd5 28. Nxd5 Qxd5 29. Qb4 Ra2 30. Rec1 Raxb2 31. Qxb2 Rxb2 32. Rxb2 e4 33. fxe4 Qh5 34. Rbc2 Be5 35. h3 Qh4 36. c4 b4 37. c5 b3 38. Rc4 b2 39. Rb1 Qg3 40. Kg1 Qd3 0-1